Определение количества имплантированного серебра в композитах на основе полилактида; Перспективы развития фундаментальных наук; Т. 2 : Химия

Бібліографічні деталі
Parent link:Перспективы развития фундаментальных наук=Prospects of Fundamental Sciences Development: сборник научных трудов XIV Международной конференции студентов, аспирантов и молодых ученых, г. Томск, 25-28 апреля 2017 г./ Национальный исследовательский Томский политехнический университет (ТПУ) ; под ред. И. А. Курзиной, Г. А. Вороновой.— , 2017
Т. 2 : Химия.— 2017.— [С. 304-306]
Автор: Зуза Д. А.
Інші автори: Лапуть О. А. (научный руководитель), Понарин Н. В., Курзина И. А.
Резюме:Заглавие с экрана
In the present work we investigated the effect of silver ion implantation with exposure doses of 1・1015 and 1・1016 ion/cm2, accelerating voltage of 20 kV and ion energy of 40 keV on polylactic acid (PL), hydroxuapatite (HA) and their composites (PL/HA) in the ratio of 80/20 and 60/40, respectively. For determine the concentration of silver was used 2 methods: AES of microwave plasma and XPS.
Мова:Російська
Опубліковано: 2017
Предмети:
Онлайн доступ:http://earchive.tpu.ru/handle/11683/44547
Формат: Електронний ресурс Частина з книги
KOHA link:https://koha.lib.tpu.ru/cgi-bin/koha/opac-detail.pl?biblionumber=624631

MARC

LEADER 00000naa2a2200000 4500
001 624631
005 20231101133325.0
035 |a (RuTPU)RU\TPU\conf\23891 
035 |a RU\TPU\conf\23889 
090 |a 624631 
100 |a 20171127d2017 k y0rusy50 ca 
101 0 |a rus  |d eng 
102 |a RU 
105 |a y z 100zy 
135 |a drcn ---uucaa 
181 0 |a i  
182 0 |a b 
200 1 |a Определение количества имплантированного серебра в композитах на основе полилактида  |d Silver concentration in polylactic acid based composites after ion implantation  |f Д. А. Зуза, О. А. Лапуть, Н. В. Понарин  |g науч. рук. И. А. Курзина 
203 |a Текст  |c электронный 
230 |a 1 компьютерный файл (pdf; 360 Kb) 
300 |a Заглавие с экрана 
320 |a [Библиогр.: с. 306 (2 назв.)] 
330 |a In the present work we investigated the effect of silver ion implantation with exposure doses of 1・1015 and 1・1016 ion/cm2, accelerating voltage of 20 kV and ion energy of 40 keV on polylactic acid (PL), hydroxuapatite (HA) and their composites (PL/HA) in the ratio of 80/20 and 60/40, respectively. For determine the concentration of silver was used 2 methods: AES of microwave plasma and XPS. 
461 1 |0 (RuTPU)RU\TPU\conf\21388  |t Перспективы развития фундаментальных наук  |l Prospects of Fundamental Sciences Development  |o сборник научных трудов XIV Международной конференции студентов, аспирантов и молодых ученых, г. Томск, 25-28 апреля 2017 г.  |o в 7 т.  |f Национальный исследовательский Томский политехнический университет (ТПУ) ; под ред. И. А. Курзиной, Г. А. Вороновой  |d 2017 
463 1 |0 (RuTPU)RU\TPU\conf\21390  |t Т. 2 : Химия  |v [С. 304-306]  |d 2017 
510 1 |a Silver concentration in polylactic acid based composites after ion implantation  |z eng 
610 1 |a электронный ресурс 
610 1 |a композиционные материалы 
610 1 |a биоразлагаемые материалы 
610 1 |a костные импланты 
610 1 |a биомедицина 
610 1 |a полилактиды 
700 1 |a Зуза  |b Д. А. 
701 1 |a Лапуть  |b О. А. 
701 1 |a Понарин  |b Н. В. 
702 1 |a Курзина  |b И. А.  |4 727 
801 2 |a RU  |b 63413507  |c 20171206  |g RCR 
856 4 |u http://earchive.tpu.ru/handle/11683/44547 
942 |c BK